Guía metodológica para la implantación de una biblioteca digital universitaria /
Obra en que se plantean las fases de desarrollo de un proyecto de biblioteca digital universitaria. Inicia con la definición de qué se entiende por biblioteca digital; a continuación, se propone la evaluación de la biblioteca y la planeación del proyecto, para seguir con los aspectos concretos de su...
Uloženo v:
| Další autoři: | |
|---|---|
| Médium: | Kniha |
| Jazyk: | španělština |
| Vydáno: |
Gijón, España :
Trea,
2005, c2005
|
| Edice: | (Biblioteconomía y Administración Cultural ;
113) |
| Témata: | |
| Tagy: |
Žádné tagy, Buďte první, kdo vytvoří štítek k tomuto záznamu!
|
MARC
| LEADER | 00000nam^a2200000^a^4500 | ||
|---|---|---|---|
| 001 | 000184729 | ||
| 005 | 20250521000000.0 | ||
| 009 | 20260310102126.732 | ||
| 020 | |a 84-9704-147-X | ||
| 037 | |a Acervo ITESO - Biblioteca | ||
| 041 | |a ESP | ||
| 082 | |a 025. 284 |b GUI | ||
| 245 | 0 | 0 | |a Guía metodológica para la implantación de una biblioteca digital universitaria / |c A. Ferrer Sapena... [et al.] |
| 264 | 4 | |a Gijón, España : |b Trea, |c 2005, c2005 | |
| 300 | |a 202 p. | ||
| 336 | |a texto |b txt |2 rdacontenido | ||
| 337 | |a sin mediación |b n |2 rdamedio | ||
| 338 | |a volumen |b nc |2 rdasoporte | ||
| 440 | 1 | |a (Biblioteconomía y Administración Cultural ; |v 113) | |
| 520 | |a Obra en que se plantean las fases de desarrollo de un proyecto de biblioteca digital universitaria. Inicia con la definición de qué se entiende por biblioteca digital; a continuación, se propone la evaluación de la biblioteca y la planeación del proyecto, para seguir con los aspectos concretos de su puesta en marcha. Termina con la revisión de los derechos de autor y las posibilidades de trabajar en forma conjunta con otras instituciones. | ||
| 649 | |a XX | ||
| 650 | |a Información - |x Administración | ||
| 650 | |a Usuarios de Bibliotecas (Necesidades de Información) | ||
| 650 | |a Bibliotecas - |x Evaluación - |x Tema Principal | ||
| 650 | |a Evaluación de Acervos (Bibliotecas) - |x Tema Principal | ||
| 650 | |a Bases de Datos | ||
| 650 | |a Internet | ||
| 650 | |a Sistemas de Información | ||
| 650 | |a Digitalización (Imagen) | ||
| 650 | |a Fuentes de Información | ||
| 650 | |a Investigación - |x Metodología | ||
| 650 | |a Derecho de Autor | ||
| 650 | |a Administración de Proyectos | ||
| 650 | |a Bibliotecas Universitarias - |x Administración - |x Tema Principal | ||
| 650 | |a Bibliotecas Digitales - |x Administración - |x Tema Principal | ||
| 650 | |a Centros de Información - |x Administración | ||
| 650 | |a Biblioteconomía | ||
| 700 | |a Ferrer Sapena, Antonia |e (autor) | ||
| 910 | |a Fondo General | ||
| 920 | |a Impresos - Libros | ||
| 930 | |a Obras de Referencia | ||
| 940 | |a Biblioteconomía | ||
| 905 | |a 102 | ||
| 901 | |a 0500125781 |b IT2 |c REF |u 20250521 | ||
| 902 | |a https://opac.biblio.iteso.mx/vufind/Record/000184729 | ||